书目信息 |
| 题名: |
巴洛克时代
|
|
| 作者: | 汪涤 著 | |
| 分册: | 卡拉瓦乔 贝尼尼 卡拉齐 | |
| 出版信息: | 广州 暨南大学出版社 2002 |
|
| 页数: | 123页 | |
| 开本: | 26cm | |
| 丛书名: | 大师·美术 | |
| 单 册: | ||
| 中图分类: | J110.93 | |
| 科图分类: | ||
| 主题词: | 艺术史--世界--中世纪 , 艺术史:思想史--世界--中世纪 | |
| 电子资源: | ||
| ISBN: | 7-81079-166-4 | |
| 000 | 00767oam2 2200253 45 | |
| 001 | 070000019543 | |
| 005 | 20050926101054.87 | |
| 010 | @a7-81079-166-4@dCNY28.00 | |
| 100 | @a20050114d2002 ekmy0chiy0120 ea | |
| 101 | 0 | @achi |
| 102 | @aCN@b440000 | |
| 105 | @aa z 000yd | |
| 200 | 1 | @a巴洛克时代@Aba luo ke shi dai@i卡拉瓦乔 贝尼尼 卡拉齐@f汪涤著@Fwang di zhu |
| 210 | @a广州@c暨南大学出版社@d2002 | |
| 215 | @a123页@c图@d26cm | |
| 225 | 2 | @a大师·美术 |
| 461 | 0 | @12001 @a大师·美术 |
| 517 | 1 | @a卡拉瓦乔 贝尼尼 卡拉齐@Aka la wa qiao bei ni ni ka la qi |
| 606 | 0 | @a艺术史@x世界@z中世纪 |
| 606 | 0 | @a艺术史:思想史@x世界@z中世纪 |
| 690 | @aJ110.93@v4 | |
| 701 | 0 | @a汪涤@Awang di@4著 |
| 801 | 0 | @aCN@bTSSF@c20050926 |
| 905 | @a10447@dJ110.93@e56 | |
| 巴洛克时代.卡拉瓦乔 贝尼尼 卡拉齐/汪涤著.-广州:暨南大学出版社,2002 |
| 123页:图;26cm.-(大师·美术) |
| ISBN 7-81079-166-4:CNY28.00 |
| ● |
| 相关链接 |
|
|
|
|
正题名:巴洛克时代
索取号:J110.93/56
 
预约/预借
| 序号 | 登录号 | 条形码 | 馆藏地/架位号 | 状态 | 备注 |
| 1 | 0363166 | 3631662 | 第一样本阅览室/ [索取号:J110.93/56] | 在馆 | |
| 2 | 0363167 | 3631671 | 第一借阅区/ [索取号:J110.93/56] | 在馆 | |
| 3 | 0363168 | 3631680 | 第一借阅区/ [索取号:J110.93/56] | 在馆 | |
| 4 | 0363169 | 3631699 | 第一借阅区/ [索取号:J110.93/56] | 在馆 | |
| 5 | 0363170 | 3631706 | 第一借阅区/ [索取号:J110.93/56] | 在馆 |